<?xml version="1.0" encoding="UTF-8"?><collection xmlns="info:lc/xmlns/marcxchange-v2"><record format="Unimarc" type="bibliographic"><leader>00551cam  2200193   450 </leader><controlfield tag="001">1853901</controlfield><controlfield tag="003">http://id.bnportugal.gov.pt/bib/porbase/1853901</controlfield><controlfield tag="005">20030530121600.0</controlfield><datafield ind1=" " ind2=" " tag="010"><subfield code="a">0-8061-1888-1</subfield></datafield><datafield ind1=" " ind2=" " tag="035"><subfield code="6">40894</subfield></datafield><datafield ind1=" " ind2=" " tag="095"><subfield code="a">PTBN00852536</subfield></datafield><datafield ind1=" " ind2=" " tag="100"><subfield code="a">19970204d1989    k  y0pory0103    ba</subfield></datafield><datafield ind1="0" ind2=" " tag="101"><subfield code="a">eng</subfield></datafield><datafield ind1=" " ind2=" " tag="102"><subfield code="a">US</subfield></datafield><datafield ind1="1" ind2=" " tag="200"><subfield code="a">&lt;A &gt;history of the indians of the United States</subfield><subfield code="f">by Angie Debo</subfield></datafield><datafield ind1=" " ind2=" " tag="210"><subfield code="a">Oklahoma</subfield><subfield code="c">University Press</subfield><subfield code="d">1989</subfield></datafield><datafield ind1=" " ind2=" " tag="215"><subfield code="a">450 p.</subfield><subfield code="d">23 cm</subfield></datafield><datafield ind1=" " ind2=" " tag="675"><subfield code="a">973(=97)</subfield><subfield code="v">BN</subfield><subfield code="z">por</subfield><subfield code="3">289962</subfield></datafield><datafield ind1=" " ind2="1" tag="700"><subfield code="a">Debo</subfield><subfield code="b">Angie</subfield><subfield code="3">1471506</subfield></datafield><datafield ind1=" " ind2="0" tag="801"><subfield code="a">PT</subfield><subfield code="b">BN</subfield><subfield code="g">RPC</subfield></datafield><datafield ind1=" " ind2=" " tag="977"><subfield code="1">970D338h</subfield><subfield code="2">coop</subfield><subfield code="4">UPLE</subfield><subfield code="6">mq1034899</subfield><subfield code="7">bc</subfield><subfield code="8">coop</subfield><subfield code="9">UPLE</subfield><subfield code="b">44092</subfield><subfield code="k">0</subfield></datafield></record></collection>